[Event "SIN-ch U16"]
[Site "Singapore"]
[Date "2009.01.04"]
[Round "4"]
[White "Lakshminarayanan, G."]
[Black "Wee, Chu En Kelvin"]
[Result "1/2-1/2"]
[WhiteElo "2014"]
[BlackElo "1998"]
[PlyCount "79"]
[EventDate "2009.01.03"]
[EventType "swiss"]
[EventRounds "9"]
[EventCountry "SIN"]
[SourceTitle "EXT 2011"]
[Source "ChessBase"]
[SourceDate "2010.11.26"]
[SourceVersion "1"]
[SourceVersionDate "2010.11.26"]
[SourceQuality "1"]

1. e4 c5 2. Nf3 e6 3. d4 cxd4 4. Nxd4 a6 5. a3 Nf6 6. Nc3 Qc7 7. Be2 b5 8. Be3 Bb7 9. f3 d6 10. 0-0 Be7 11. Qd2 0-0 12. Rfd1 Nbd7 13. Nb3 Ne5 14. Kh1 Rfd8 15. Qe1 Nc4 16. Bxc4 bxc4 17. Nd4 d5 18. exd5 Nxd5 19. Nxd5 Bxd5 20. Bf2 Qb7 21. c3 Bf6 22. Qe2 Re8 23. Be3 Rab8 24. Rd2 g6 25. Qf2 Bg7 26. Rad1 e5 27. Nc2 Bc6 28. Nb4 Ba4 29. Re1 Rbd8 30. Ree2 a5 31. Na2 Bc6 32. Rxd8 Rxd8 33. Rd2 Rd5 34. Rxd5 Bxd5 35. Kg1 f5 36. Nc1 Qc6 37. Ba7 Qa4 38. Qd2 Qb5 39. Bf2 Qb7 40. Ne2 1/2-1/2